000 01433nam a2200337 i 4500
999 _c65598
_d65598
001 768714001
003 CO-MdFUSB
005 20200602145149.0
007 ta
008 200331t2011 -us |||| |||| 00| 0 eng d
020 _a9780801047039
040 _aCO-MdFUSB
_bspa
_cCO-MdFUSB
_dCO-MdFUSBC
_erda
041 _aeng
082 _223
_a224.06
_bM442
100 _aMatthews, Victor.
_eautor
245 _aSocial world of the hebrew prophets
_c/ Victor Harold Matthews
264 1 _aEstados Unidos :
_bBaker Academic,
_c[2011]
264 4 _c© 2011
300 _a205 páginas
_c; 23 cm
336 _2rdacontent
_atexto
_btxt
337 _2rdamedia
_asin mediación
_bn
338 _2rdacarrier
_avolumen
_bnc
500 _aColección Dawn Christina Harrell
505 _aGeografía histórica. -- Definición y descripción del profeta. -- Actividad profética premonárquica. -- Primeros profetas monárquicos. -- Elías y Eliseo. -- El libro de Amós. -- El libro de Oseas. -- El libro de Isaías. -- El libro de Miqueas. -- Voces proféticas de finales del siglo VII. -- El libro de Jeremías. -- El libro de Ezequiel. -- La profecía posti léxica. -- El período helenístico y el libro de Daniel.
563 _aRústico
630 0 7 _aBiblia
_xCrítica, interpretación, etc.
630 7 _aBiblia.
_xCrítica, interpretación, etc.
_pProfetas
942 _cBK
945 _aJTF-925
_bAEM-53